| 000 | 01028nam a2200253 i 4500 | ||
|---|---|---|---|
| 001 | 38350 | ||
| 003 | ES-MaACL | ||
| 005 | 20250830234018.0 | ||
| 007 | t| | ||
| 008 | 030225s1916 sp ||||1| spa d | ||
| 100 | 1 |
_aCalero, Manuel. _933654 |
|
| 245 | 1 | 3 |
_aLa política mejicana del presidente Woodrow Wilson según la ve un mejicano / _cpor Manuel Calero ; traducción de la edición inglesa de Nueva York. |
| 260 |
_aMadrid : _b[s.n.], _c1916 ( _fTip. Artística) |
||
| 300 |
_a150 p. ; _c18 cm. |
||
| 530 | _aDisponible en formato digital. | ||
| 600 | 0 | 4 |
_aWilson, Woodrow. _9117049 |
| 651 | 4 |
_aEstados Unidos- _xRelaciones- _zMéxico _98565 |
|
| 651 | 4 |
_aMéxico- _xRelaciones- _zEstados Unidos. _99074 |
|
| 852 |
_aES-MaACL _jG-1329 _cDEPO2 _zRevisado enlace: 9 de julio de 2025 |
||
| 852 |
_aES-MaACL _j1548-F-6 _939741 _cDEPOF _zRevisado enlace: 28 de marzo de 2025. |
||
| 856 |
_uhttp://bdh-rd.bne.es/viewer.vm?id=0000084235&page=1 _yBiblioteca Digital Hispánica |
||
| 942 | _2udc | ||
| 999 |
_c38350 _d38350 |
||